<?xml version="1.0" encoding="UTF-8"?>
<marc:record xmlns:marc="http://www.loc.gov/MARC21/slim">
   <marc:leader>00000nam a2200000 a 4500</marc:leader>
   <marc:datafield ind1="1" ind2=" " tag="100">
      <marc:subfield code="a">Donnelly, Paddy</marc:subfield>
      <marc:subfield code="4">aut</marc:subfield>
      <marc:subfield code="e">Verfasser/-in</marc:subfield>
   </marc:datafield>
   <marc:datafield ind1="0" ind2="0" tag="245">
      <marc:subfield code="a">Herr Dachs und seine erstaunliche Buchhandlung</marc:subfield>
   </marc:datafield>
   <marc:datafield ind1="0" ind2="0" tag="245">
      <marc:subfield code="c">Donnelly, Paddy</marc:subfield>
   </marc:datafield>
   <marc:datafield ind1=" " ind2="1" tag="264">
      <marc:subfield code="a">Hamburg</marc:subfield>
      <marc:subfield code="b">Schneiderbuch</marc:subfield>
      <marc:subfield code="c">2026</marc:subfield>
   </marc:datafield>
   <marc:datafield ind1=" " ind2=" " tag="250">
      <marc:subfield code="a">1. Auflage</marc:subfield>
   </marc:datafield>
   <marc:datafield ind1="1" ind2=" " tag="520">
      <marc:subfield code="a">In Herrn Dachs’ fabelhafter Buchhandlung gibt es Bücher für alle Tiere: Schmöker auf turmhohen Regalen für Giraffen, winzig kleine Büchlein für Mäuse und eine Tiefseeabteilung mit Lektüre für die Wasserbewohner. Aber als der kleine Fuchs Rory nach einer Geschichte fragt, in der es um Piraten-Kraken, Regenbogendrachen und Wunschbäume geht, muss Herr Dachs zum ersten Mal in seinem Leben sagen: So ein Buch gibt es nicht. Er schlägt dem betrübten Rory vor, das Buch selbst zu verfassen, doch Rory kann noch nicht schreiben. Und so tun sich die beiden zusammen und schaffen das fantasievollste Abenteuer, das sich Rory je erträumt hat. </marc:subfield>
   </marc:datafield>
   <marc:datafield ind1=" " ind2=" " tag="020">
      <marc:subfield code="a">9783505153426</marc:subfield>
      <marc:subfield code="9">9783505153426</marc:subfield>
   </marc:datafield>
   <marc:datafield ind1=" " ind2=" " tag="020">
      <marc:subfield code="a">3505153427</marc:subfield>
      <marc:subfield code="9">3505153427</marc:subfield>
   </marc:datafield>
   <marc:datafield ind1=" " ind2=" " tag="041">
      <marc:subfield code="a">ger</marc:subfield>
   </marc:datafield>
   <marc:datafield ind1=" " ind2=" " tag="300">
      <marc:subfield code="a">32 Seiten</marc:subfield>
   </marc:datafield>
</marc:record>
